000 01270nam a2200241Ia 4500
999 _c50940
_d50940
001 17897
003 GE_BSU
005 20200227163209.0
008 181216s1946ge xx |||||||||||||| ||geo||
040 _cGE_BSU
041 _ageo
080 _a821.353.1-1+ 821.353.1-2 შ-25
100 _aშარვაშიძე, გიორგი.
_97585
245 _aლირიკა, ეპოსი , დრამა /
_cგიორგი შარვაშიძე ; აკადემიკოს სიმონ ჯანაშიას რედაქციითა და ნარკვევით.
264 _aსოხუმი :
_bაფსახელგამი,
_c1946.
300 _a232 გვ. :
_bპორტრ. სურ.
_c22 სმ.
500 _aშენიშვნები და დამატებანი, გვ. 217-232. ლიტ-რა წანართში
520 _aდამატებითი თავფურცელი რუსულ ენაზე.
653 _aლირიკა, ეპოსი , დრამა
653 _aქართული ლიტერატურა
700 _aჯანაშია, სიმონ
_eრედაქტორი
_97586
942 _cBK
_2udc